000 00648nas a2200169 a 4500
008 120416c20099999||||||||||||||||| || u
050 _aACU(058)A5/1997
110 _aThe Association of Commonwealth Universities (ACU)
245 1 0 _aACU: annual report
260 _aLondon:
_bACU
_c06/10/2009
300 _a9
350 _a0.00
650 _aCOMMONWEALTH UNIVERSITIES--REPORTS
650 _aMANAGEMENT INFORMATION SYSTEMS
650 _aCOMMONWEALTH UNIVERSITIES--PERIODICALS
995 _D0.00
_FCBU-MAIN LIBRARY (Kitwe)
_H1
_I0.00
_M1
_UAVAILABLE
_WOct 6, 2009
_ZInternational Publications
999 _c33441
_d33441